000 00643nam a22001817a 4500
003 UA-OsUOA
001 15954
007 ta
008 20031214b un ||||| |||| 00| 0 ukr d
100 _aПаскар Ю.
942 _cSA
040 _aUA-OsUOA
_cUA-OsUOA
_dUA-OsUOA
245 _aВ Україні театр "виживає"
_b[Про Рівнен. театр-студію "Від ліхтаря" розповідає його худ. керівник Ю.Паскар]
300 _aС.3
955 _a0
773 0 _w0
_tОго
_dРівне
_d2003
_g№193/10 листоп./
650 7 _aКраєзнавча робота
_2UDC
999 _c302119
_d302119